Measuring knowledge

Definícia základných pojmov ako znalosti, intelektuálny kapitál, znalostný manažment, zdieľanie znalostí, meranie a metrika. Prehľad metód na meranie znalostí na úrovni organizácií, skupín a jednotlivcov spracovaný na základe štúdia odbornej literatúry.

Gespeichert in:
Bibliographische Detailangaben
1. Verfasser: Matošková, Jana
Format: Buchkapitel
Sprache:Englisch
Schlagworte:
Tags: Tag hinzufügen
Keine Tags, Fügen Sie das erste Tag hinzu!

MARC

LEADER 00000nla a2200000 4500
001 0234762
005 20240417075123.7
041 0 |a eng 
044 |a CZ 
245 1 0 |a Measuring knowledge  |c Jana Matošková 
520 |a Definícia základných pojmov ako znalosti, intelektuálny kapitál, znalostný manažment, zdieľanie znalostí, meranie a metrika. Prehľad metód na meranie znalostí na úrovni organizácií, skupín a jednotlivcov spracovaný na základe štúdia odbornej literatúry. 
610 2 0 |a vedomosti 
610 2 0 |a riadenie znalostí 
610 2 0 |a manažment znalostný 
610 2 0 |a meranie 
610 2 0 |a metódy 
610 2 0 |a kapitál intelektuálny 
610 2 0 |a podnik 
610 2 0 |a organizácia 
610 2 0 |a zamestnanci 
100 1 |a Matošková, Jana